00305nam a22001211a 4500020001800000082002100018100001500039245004900054260003400103300000900137650002200146650001500168 a9788172291228 aGAN 181.4bGAN/M aGandhi M K aMoral Basis of Vegetarianism/cby Gandhi M K aAhmedabad:bNavajivan,c1997. a34p. aPhilosophy Gandhi aPhilosophy